Self-employed farmer as the element of small business
Postavenie a štruktúra súkromne hospodáriacich roľníkov podľa krajov v Slovenskej republike v rokoch 2010 a 2014 v porovnaní s ostatnými formami podnikania fyzických osôb v segmente malých a stredných podnikov.
Gespeichert in:
| 1. Verfasser: | |
|---|---|
| Format: | Buchkapitel |
| Sprache: | Slowakisch |
| Schlagworte: | |
| Tags: |
Keine Tags, Fügen Sie das erste Tag hinzu!
|
MARC
| LEADER | 00000nla a2200000 4500 | ||
|---|---|---|---|
| 001 | 0221186 | ||
| 005 | 20240527075038.0 | ||
| 041 | 0 | |a slo | |
| 044 | |a SK | ||
| 245 | 1 | 0 | |a Self-employed farmer as the element of small business |c Miroslav Tóth |
| 520 | |a Postavenie a štruktúra súkromne hospodáriacich roľníkov podľa krajov v Slovenskej republike v rokoch 2010 a 2014 v porovnaní s ostatnými formami podnikania fyzických osôb v segmente malých a stredných podnikov. | ||
| 610 | 2 | 0 | |a hospodárstvo roľnícke samostatné |
| 610 | 2 | 0 | |a podnik poľnohospodársky |
| 610 | 2 | 0 | |a roľníci jednotlivo hospodáriaci |
| 610 | 2 | 0 | |a farmy |
| 610 | 2 | 0 | |a podnikanie |
| 610 | 2 | 0 | |a Slovensko |
| 100 | 1 | |a Tóth, Miroslav, 1961- | |